Encyclopedia of business and finance

Detalles Bibliográficos
Otros Autores: Kaliski, Burton S. (ed. lit.)
Formato: Desconocido
Lenguaje:inglés
Publicado: New York : Macmillan Reference USA, 2008
Edición:2nd ed.
Materias:
Acceso en línea:Acceso restringido

MARC

LEADER 00000ny a22000003n 4500
003 OCoLC
005 20110616125733.0
006 m d
007 cr un|||||||||
008 070109r20072001miua sbe 001 0 eng
020 |a 9780028660811 
035 |a 2710 
040 |a TXN  |c TXN  |d vLex 
090 |b .E466 2007eb 
090 |c 771  |d 771 
245 0 0 |a Encyclopedia of business and finance  |h [Recurso electrn̤ico]  |c Burton S. Kaliski, editor-in-chief 
250 |a 2nd ed. 
256 |a Servicio en ln̕ea 
260 |a New York :  |b Macmillan Reference USA,  |c 2008 
506 1 |a Contenido solo disponible en los productos indicados  |d vLex Global  |d vLex Global (Academic Edition, excluding Law Schools)  |d vLex Global (Academic Edition, Law Schools) 
650 0 4 |a Comercio  |x Enciclopedias 
650 0 4 |a Economa̕  |x Diccionarios y enciclopedias en ln̕ea 
650 0 4 |a Finanzas  |x Enciclopedias 
650 0 4 |a Negocios  |x Enciclopedias 
650 0 4 |a  Financial Services & Banking  
700 1 |a Kaliski, Burton S.,  |e ed. lit. 
740 0 |a vLex Libros (Servicios en ln̕ea) 
856 4 0 |u http://vlex.com/source/2710  |z Acceso restringido 
942 |c BOOK 
999 0 |a Business Services 
999 0 |a Commerce  |v Encyclopedias. 
999 0 |a Finance  |v Encyclopedias. 
999 0 |a Finance  |z North America  |v Encyclopedias. 
999 0 |a North America  |v Encyclopedias.